000 01333cam a2200325 a 4500
001 10708
003 BD-RjUL
005 20211208235012.0
008 140125s1975 ne aa b 001 0 eng
035 _a(BD-RjUL)10757
040 _aDLC
_cDLC
_dDLC
_dBD-RjUL
_beng
041 _aeng
082 0 0 _a543
_219
_bCOM 1975
245 0 0 _aComprehensive analytical chemistry /
_cedited by Cecil L. Wilson and David W. Wilson.
_nVolume:IID:
_pCoulometric Analysis / E. Bishop
246 3 _aWilson & Wilson's comprehensive analytical chemistry
260 _aAmsterdam ;
_aNew York :
_bElsevier Pub. Co.,
_c1975
300 _axxviii, 673p. :
_bill. ;
_c23 cm.
500 _aVols. 9-<10, 12A-12C, 12E, 14, 21-22, 28-29> edited by G. Svehla, have title: Wilson and Wilson's Comprehensive analytical chemistry.
500 _aVols. <33-38, 41> edited by D. Barceló, have title: Wilson & Wilson's comprehensive analytical chemistry.
500 _aSome vols.: 1st ed.
504 _aIncludes bibliographies and indexes.
650 0 _aChemistry, Analytic.
_933111
700 1 _aWilson, Cecil Leeburn, ed.
_932981
700 1 _aWilson, David Woodburn, ed.
_d1917-
_933112
700 1 _aBishop, E.
_933113
740 0 _aWilson and Wilson's Comprehensive analytical chemistry.
942 _2ddc
_cBK
999 _c10708
_d10708